Dalit theology, boundary crossings and liberation in India : (Record no. 1309170)
[ view plain ]
| 000 -LEADER | |
|---|---|
| fixed length control field | 01292nam a22002177a 4500 |
| 005 - DATE AND TIME OF LATEST TRANSACTION | |
| control field | 20250530162656.0 |
| 008 - FIXED-LENGTH DATA ELEMENTS--GENERAL INFORMATION | |
| fixed length control field | 250418b |||||||| |||| 00| 0 eng d |
| 020 ## - INTERNATIONAL STANDARD BOOK NUMBER | |
| International Standard Book Number | 9780755642397 |
| 040 ## - CATALOGING SOURCE | |
| Original cataloging agency | SDCL |
| Transcribing agency | SDCL |
| 041 ## - LANGUAGE CODE | |
| Source of code | eng |
| Language code of text/sound track or separate title | eng |
| 084 ## - COLON CLASSIFICATION NUMBER | |
| Classification number | Y5927 R4 |
| 100 ## - MAIN ENTRY--PERSONAL NAME | |
| Personal name | Skaria, Jobymon |
| 9 (RLIN) | 752452 |
| 245 ## - TITLE STATEMENT | |
| Title | Dalit theology, boundary crossings and liberation in India : |
| Remainder of title | A biblical and postcolonial study |
| 260 ## - PUBLICATION, DISTRIBUTION, ETC. | |
| Place of publication, distribution, etc. | London : |
| Name of publisher, distributor, etc. | Bloomsbury, |
| Date of publication, distribution, etc. | 2024. |
| 300 ## - PHYSICAL DESCRIPTION | |
| Extent | 223p. |
| 520 ## - SUMMARY, ETC. | |
| Summary, etc. | Jobymon Skaria, an Indian St Thomas Christian Scholar, offers a critique of Indian Christian theology and suggests that constructive dialogues between Biblical and dissenting Dalit voices - such as Chokhamela, Karmamela, Ravidas, Kabir, Nandanar and Narayana Guru - could set right the imbalance within Dalit theology, and could establish dialogical partnerships between Dalit Theologians, non-Dalit Christians and Syrian Christians. Drawing on Biblical and socio-historical resources, this book examines a radical, yet overlooked aspect of Dalit cultural and religious history which would empower the Dalits in their everyday existences |
| 650 ## - SUBJECT ADDED ENTRY--TOPICAL TERM | |
| Topical term or geographic name entry element | Christianity -- India |
| 650 ## - SUBJECT ADDED ENTRY--TOPICAL TERM | |
| Topical term or geographic name entry element | Dalits -- Religion -- India |
| 9 (RLIN) | 811279 |
| 650 ## - SUBJECT ADDED ENTRY--TOPICAL TERM | |
| Topical term or geographic name entry element | Liberation theology -- India |
| 9 (RLIN) | 811280 |
| 942 ## - ADDED ENTRY ELEMENTS (KOHA) | |
| Source of classification or shelving scheme | Colon Classification (CC) |
| Koha item type | Textual |
| Suppress in OPAC | No |
| Withdrawn status | Lost status | Source of classification or shelving scheme | Damaged status | Not for loan | Home library | Current library | Date acquired | Source of acquisition | Inventory number | Total Checkouts | Full call number | Barcode | Date last seen | Price effective from | Koha item type |
|---|---|---|---|---|---|---|---|---|---|---|---|---|---|---|---|
| Colon Classification (CC) | South Campus Library | South Campus Library | 2025-04-18 | Bright Book Service | 2409, 18/12/2024, UKP 28.99 | Y5927 R4 | SC1690782 | 2025-04-18 | 2025-04-18 | Textual |
